[Event "Mighty Mauler"]
[Site "SchemingMind.com"]
[Date "2015.11.22"]
[Round "-"]
[White "kenneth m day"]
[Black "echecs"]
[Result "0-1"]
[WhiteCountry "USA"]
[BlackCountry "ENG"]
[WhiteElo "1702"]
[WhiteRD "51"]
[BlackElo "1846"]
[BlackRD "68"]
[GameID "390568"]

1. e4 e5 2. f4 exf4 3. Nf3 g5 4. d4 d6 5. g3 g4 6. Nh4 f3 7. Nc3 Nc6 8. Bc4 Bg7 9. Be3 Bd7 10. Qd2 Qe7
11. O-O-O O-O-O 12. Nd5 Qf8 13. Nf5 Bxf5 14. exf5 f6 15. Nf4 Qe7 16. Ne6 Re8 17. Rhe1 Kb8 18. Bf4 Rc8 19. Qc3 h5 20. Qb3 Na5
21. Qb4 Nxc4 22. Qxc4 Bh6 23. Kb1 Bxf4 24. Nxf4 Qd7 25. Ne6 d5 26. Qb4 Ne7 27. Nc5 Qc6 28. Rxe7 Rce8 29. Re6 Rxe6 30. fxe6 Re8
31. Qe1 Ka8 32. Rd3 b6 33. Na6 Kb7 34. Nb4 Qxe6 35. Qxe6 Rxe6 36. Rd1 c6 37. Nd3 Re2 38. Ne1 Rxh2 39. Nxf3 gxf3 40. Rf1 Rg2
0-1

[Event "Mighty Mauler"]
[Site "SchemingMind.com"]
[Date "2015.11.24"]
[Round "-"]
[White "echecs"]
[Black "Simon Green"]
[Result "1-0"]
[WhiteCountry "ENG"]
[BlackCountry "ENG"]
[WhiteElo "1903"]
[WhiteRD "67"]
[BlackElo "1590"]
[BlackRD "60"]
[GameID "390569"]

1. e4 e6 2. d4 d5 3. e5 c5 4. c3 Nc6 5. Nf3 Be7 6. Be2 c4 7. b3 b5 8. O-O h6 9. h3 a5 10. a4 Ba6
11. axb5 Bxb5 12. Na3 Qb6 13. Nxb5 Qxb5 14. bxc4 dxc4 15. Qa4 Qa6 16. Bxc4 Qb6 17. Bb5 Rc8 18. c4 Bb4 19. d5 exd5 20. cxd5 Ne7
21. Be3 Bc5 22. Bxc5 Qxc5 23. dxc6 O-O 24. Rfc1 Qb6 25. Qxa5 Qxa5 26. Rxa5 Nd5 27. Ba6 Rcd8 28. c7 Nxc7 29. Rxc7 Rd1+ 30. Kh2 f6
31. e6 Re8 32. Bc4 Kf8 33. Rf7+ Kg8 34. Raa7
1-0

[Event "Mighty Mauler"]
[Site "SchemingMind.com"]
[Date "2015.11.22"]
[Round "-"]
[White "Simon Green"]
[Black "echecs"]
[Result "0-1"]
[WhiteCountry "ENG"]
[BlackCountry "ENG"]
[WhiteElo "1590"]
[WhiteRD "60"]
[BlackElo "1903"]
[BlackRD "67"]
[GameID "390570"]

1. d4 d5 2. e3 e6 3. Bd3 Nf6 4. f4 c5 5. c3 Qa5 6. Bd2 c4 7. Bc2 Be7 8. Nf3 Nbd7 9. O-O Qb6 10. b4 a5
11. a3 O-O 12. Ne5 axb4 13. axb4 Rxa1 14. Ba4 Qa6 15. Bxd7 Bxd7 16. Nxd7 Nxd7 17. Qc2 Ra2 18. Qc1 Nf6 19. Qe1 Ne4 20. g3 Ra1
21. Qe2 Qa2
0-1

[Event "Mighty Mauler"]
[Site "SchemingMind.com"]
[Date "2015.11.23"]
[Round "-"]
[White "echecs"]
[Black "JAHI"]
[Result "0-1"]
[WhiteCountry "ENG"]
[BlackCountry "INT"]
[WhiteElo "1793"]
[WhiteRD "64"]
[BlackElo "2075"]
[BlackRD "54"]
[GameID "390573"]

1. e4 g6 2. d4 Bg7 3. Nf3 h6 4. c3 e6 5. Na3 a6 6. Nc4 Qe7 7. Bf4 Kd8 8. Qb3 d6 9. Na5 b6 10. Nc4 Nd7
11. Bd3 Ra7 12. O-O Bb7 13. Rfe1 g5 14. Bg3 h5 15. h3 Nh6 16. a4 h4 17. Bh2 g4 18. hxg4 Nxg4 19. Bf4 Rg8 20. Kf1 Bh6
21. Bd2 Rf8 22. Ne3 Nxe3+ 23. Bxe3 Bxe3 24. Rxe3 c6 25. e5 d5 26. Nh2 c5 27. dxc5 bxc5 28. Be2 c4 29. Qc2 Bc6 30. b4 cxb3
31. Qxb3 Rg8 32. Bf3 Rb7 33. Qc2 Qg5 34. Bg4 Nxe5 35. Nf3 Qxg4 36. Nxe5 Qxg2+ 37. Ke2 Kc7 38. Rf1 h3 39. Nxc6 h2 40. Nd4 Qxf1+
41. Kxf1 Rg1+ 42. Ke2 h1=Q 43. Qd2 Rbb1
0-1

[Event "Mighty Mauler"]
[Site "SchemingMind.com"]
[Date "2015.11.23"]
[Round "-"]
[White "JAHI"]
[Black "echecs"]
[Result "1-0"]
[WhiteCountry "INT"]
[BlackCountry "ENG"]
[WhiteElo "1998"]
[WhiteRD "84"]
[BlackElo "1846"]
[BlackRD "68"]
[GameID "390574"]

1. g3 e5 2. Bg2 Nc6 3. e3 d5 4. Qh5 Nf6 5. Qe2 Be7 6. h3 Nb4 7. d3 O-O 8. a3 Na6 9. b3 c6 10. Bb2 Qc7
11. Nd2 Nc5 12. g4 e4 13. g5 exd3 14. cxd3 Nh5 15. d4 Ne6 16. Qxh5 Bxg5 17. h4 Bf6 18. Qf3 h6 19. Ne2 Qe7 20. Qg3 Rd8
21. Nf3 c5 22. Rg1 Kh8 23. Bh3 cxd4 24. Bxd4 Nxd4 25. Nexd4 Bxh3 26. Qxh3 Rac8 27. Qg4 Rg8 28. Kf1 a6 29. a4 b5 30. axb5 axb5
31. Nf5 Qe4 32. Qxe4 dxe4 33. N3d4 Kh7 34. Ra7 Rgf8 35. Nxb5 Rc1+ 36. Kg2 Rxg1+ 37. Kxg1 Kg6 38. Nbd6 Rb8 39. Rxf7 Rxb3 40. h5+ Kxh5
41. Nxg7+ Kg6 42. Ne6 Be5 43. Nf8+
1-0

[Event "Mighty Mauler"]
[Site "SchemingMind.com"]
[Date "2015.11.23"]
[Round "-"]
[White "echecs"]
[Black "flyinduck"]
[Result "0-1"]
[WhiteCountry "ENG"]
[BlackCountry "CAN"]
[WhiteElo "1903"]
[WhiteRD "67"]
[BlackElo "2016"]
[BlackRD "66"]
[GameID "390614"]

1. e4 e5 2. Nf3 Nf6 3. d4 Nxe4 4. Bd3 d5 5. Nxe5 Nd7 6. Nxd7 Bxd7 7. O-O Bd6 8. c4 c6 9. cxd5 cxd5 10. Nc3 Nxc3
11. bxc3 O-O 12. Qh5 g6 13. Qf3 Qc7 14. g3 Be6 15. Bh6 Rfe8 16. Rfc1 Rac8 17. Bb5 Red8 18. Bf1 a6 19. Rab1 Bf8 20. Bg5 Be7
21. Bf4 Bd6 22. Bd2 b5 23. h4 h5 24. Bd3 Bf8 25. Kg2 Bg4 26. Qf6 Rd6 27. Qg5 Be7 28. Qf4 Rc6 29. Qe3 Re6 30. Qf4 Bd6
31. Qg5 Be7 32. Qxd5 Rd8 33. Bf4 Qc8 34. Qb3 Bf3+ 35. Kxf3 Qc6+ 36. d5 Rxd5 37. Be4 Rxe4 38. Kxe4 Re5+ 39. Kd3 Qe4+ 40. Kd2 Qe2#
0-1

[Event "Mighty Mauler"]
[Site "SchemingMind.com"]
[Date "2015.11.23"]
[Round "-"]
[White "flyinduck"]
[Black "echecs"]
[Result "1-0"]
[WhiteCountry "CAN"]
[BlackCountry "ENG"]
[WhiteElo "2016"]
[WhiteRD "66"]
[BlackElo "1903"]
[BlackRD "67"]
[GameID "390615"]

1. d4 d6 2. e4 c6 3. Nc3 Nf6 4. Nf3 b5 5. Bd3 g6 6. O-O Bg7 7. e5 dxe5 8. dxe5 Nd5 9. Nxb5 cxb5 10. Bxb5+ Kf8
11. c4 a6 12. Ba4 Bg4 13. cxd5 Bxe5 14. Re1 Bf6 15. h3 Bd7 16. Bh6+ Kg8 17. Ne5 Bxa4 18. Qxa4 Qxd5 19. Qe8#
1-0

[Event "Mighty Mauler"]
[Site "SchemingMind.com"]
[Date "2015.11.24"]
[Round "-"]
[White "smothered mate"]
[Black "flyinduck"]
[Result "0-1"]
[WhiteCountry "POL"]
[BlackCountry "CAN"]
[WhiteElo "1942"]
[WhiteRD "68"]
[BlackElo "2050"]
[BlackRD "53"]
[GameID "390616"]

1. e4 e5 2. Nf3 Nf6 3. Nc3 Nc6 4. Nxe5 Nxe5 5. d4 Nc6 6. d5 Bb4 7. dxc6 Nxe4 8. Qd4 Qe7 9. Be3 O-O 10. Bd3 Nxc3
11. bxc3 Ba5 12. O-O Bb6 13. Qe4 Qxe4 14. Bxe4 bxc6 15. Bd4 d5 16. Bd3 c5 17. Be5 c4 18. Be2 Bf5 19. Bf3 c6 20. Rac1 Rfe8
21. Bf4 f6 22. g4 Be4 23. Kg2 Bxf3+ 24. Kxf3 Re4 25. Rce1 Rae8 26. Be3 Bxe3 27. fxe3 Kf7 28. Re2 Rb8 29. Ra1 Rb2 30. a4 a5
31. h3 g5 32. Kf2 Kg6 33. Ke1 h5 34. gxh5+ Kxh5 35. Kd2 Rb8 36. Rg1 Kg6 37. Rg4 f5 38. Rxe4 dxe4 39. Re1 Rh8 40. Rb1 Rxh3
41. Rb6 Rh2+ 42. Kd1 g4 43. Rxc6+ Kg5 44. Rc8 g3 45. Rg8+ Kh4
0-1

[Event "Mighty Mauler"]
[Site "SchemingMind.com"]
[Date "2015.11.24"]
[Round "-"]
[White "flyinduck"]
[Black "smothered mate"]
[Result "1-0"]
[WhiteCountry "CAN"]
[BlackCountry "POL"]
[WhiteElo "2050"]
[WhiteRD "53"]
[BlackElo "1942"]
[BlackRD "68"]
[GameID "390617"]

1. d4 Nf6 2. c4 c5 3. d5 b5 4. cxb5 a6 5. f3 g6 6. e4 d6 7. Na3 Bg7 8. Ne2 O-O 9. Nc3 axb5 10. Naxb5 Ne8
11. Be2 Nd7 12. O-O Qb6 13. a4 Bd4+ 14. Kh1 f5 15. Nxd4 cxd4 16. Nb5 e5 17. dxe6 Nc5 18. Bh6 Rf6 19. Qxd4 Bxe6 20. Bc4 Bxc4
21. Qxc4+ Kh8 22. Be3 Ng7 23. Nxd6 Qxd6 24. Qxc5 Qd3 25. Qd5 Qa6 26. b4 Rd6 27. Qb5 Qc8 28. a5 Rb8 29. Rac1 Qd8 30. Qc5 Rd3
31. a6 Ne6 32. Qe5+ Ng7 33. Bc5 Rd2 34. a7 Rb5 35. Ra1 Qa8 36. Rfd1
1-0

[Event "Mighty Mauler"]
[Site "SchemingMind.com"]
[Date "2015.11.24"]
[Round "-"]
[White "pnwmusichound"]
[Black "flyinduck"]
[Result "1-0"]
[WhiteCountry "USA"]
[BlackCountry "CAN"]
[WhiteElo "1953"]
[WhiteRD "85"]
[BlackElo "2050"]
[BlackRD "53"]
[GameID "390618"]

1. c4 c5 2. g3 e6 3. Bg2 Nf6 4. Nf3 d5 5. O-O Nc6 6. cxd5 exd5 7. d4 Be7 8. dxc5 Bxc5 9. Qc2 Be7 10. Nc3 O-O
11. e3 Bg4 12. a3 Qd7 13. b4 Rac8 14. Bb2 Rfd8 15. b5 Bxf3 16. bxc6 Qg4 17. cxb7 Rb8 18. h3 Qh5 19. g4 Bxg4 20. hxg4 Nxg4
21. Rfd1 Bh4 22. Rxd5 Rxd5 23. Nxd5 Bxf2+ 24. Kf1 Nh2+ 25. Kxf2 Ng4+ 26. Ke2
1-0

[Event "Mighty Mauler"]
[Site "SchemingMind.com"]
[Date "2015.11.24"]
[Round "-"]
[White "flyinduck"]
[Black "pnwmusichound"]
[Result "1-0"]
[WhiteCountry "CAN"]
[BlackCountry "USA"]
[WhiteElo "2083"]
[WhiteRD "52"]
[BlackElo "1942"]
[BlackRD "84"]
[GameID "390619"]

1. d4 Nf6 2. c4 d6 3. Nc3 g6 4. e4 Bg7 5. Be2 O-O 6. Bg5 a6 7. Qd2 c6 8. Rd1 b5 9. a3 bxc4 10. Bxc4 Nxe4
11. Nxe4 d5 12. Bd3 dxe4 13. Bxe4 a5 14. Ne2 Re8 15. O-O a4 16. Nc3 Ra5 17. Be3 e6 18. Na2 Qc7 19. Rc1 Bb7 20. Nb4 Rh5
21. g3 Rd8 22. Rfd1 c5 23. Qc2 Qe7 24. Bxb7 cxb4 25. Bf3 Rf5 26. Be4 b3 27. Qc4 Ra5 28. Qc7 Qxc7 29. Rxc7 Nd7 30. Rdc1 Nb6
31. Rb7 Nd5 32. Rc4 Nxe3 33. fxe3 f5 34. Bc6 e5 35. d5 e4 36. Bxa4 Bxb2 37. Bxb3 Rxa3 38. Rcc7 Rxb3 39. Rxb3 Be5 40. Rc5 Kg7
41. Rb7+ Kh6 42. Ra5 Rh8 43. Raa7 g5 44. Kg2 Kg6 45. Ra6+ Kh5 46. Re6 Bb8 47. Rf7 h6 48. Rxf5
1-0

[Event "Mighty Mauler"]
[Site "SchemingMind.com"]
[Date "2015.11.24"]
[Round "-"]
[White "emvarela"]
[Black "flyinduck"]
[Result "0-1"]
[WhiteCountry "ARG"]
[BlackCountry "CAN"]
[WhiteElo "1709"]
[WhiteRD "48"]
[BlackElo "2050"]
[BlackRD "53"]
[GameID "390620"]

1. e4 e5 2. Nf3 Nf6 3. Nxe5 d6 4. Nf3 Nxe4 5. d4 d5 6. Bd3 Nc6 7. O-O Be7 8. Re1 Bg4 9. Be3 O-O 10. h3 Bh5
11. g4 Bg6 12. Bxe4 dxe4 13. Nh2 Bd6 14. Nd2 Qh4 15. Kg2 f5 16. f3 Qg3+
0-1

[Event "Mighty Mauler"]
[Site "SchemingMind.com"]
[Date "2015.11.24"]
[Round "-"]
[White "flyinduck"]
[Black "emvarela"]
[Result "1-0"]
[WhiteCountry "CAN"]
[BlackCountry "ARG"]
[WhiteElo "2064"]
[WhiteRD "54"]
[BlackElo "1720"]
[BlackRD "49"]
[GameID "390621"]

1. d4 Nf6 2. c4 g6 3. Nc3 Bg7 4. e4 d6 5. Be2 O-O 6. Bg5 c5 7. d5 a6 8. a4 h6 9. Bf4 Nbd7 10. Nf3 Nh7
11. h4 Bxc3+ 12. bxc3 Kg7 13. Qd2 Ndf6 14. Bxh6+ Kg8 15. Bd3 Re8 16. O-O e6 17. Rfe1 exd5 18. cxd5 Ng4 19. Bf4 Ne5 20. Nxe5 dxe5
21. Bg3 Qd6 22. f4 f6 23. c4 f5 24. fxe5 Qe7 25. exf5 Bxf5 26. Rab1 Bxd3 27. Qxd3 Rad8 28. Qxg6+ Qg7 29. Qxg7+ Kxg7 30. Rxb7+ Kg6
31. Reb1 Nf8 32. R1b6+
1-0

[Event "Mighty Mauler"]
[Site "SchemingMind.com"]
[Date "2015.11.20"]
[Round "-"]
[White "Scooter"]
[Black "flyinduck"]
[Result "0-1"]
[WhiteCountry "USA"]
[BlackCountry "CAN"]
[WhiteElo "1717"]
[WhiteRD "47"]
[BlackElo "2016"]
[BlackRD "66"]
[GameID "390622"]

1. d4 d5 2. Nf3 Nf6 3. Bf4 c5 4. e3 Nc6 5. c3 Qb6 6. Qb3 c4 7. Qxb6 axb6 8. Nbd2 b5 9. Be2 b4 10. O-O bxc3
11. bxc3 Ra3 12. Nb1 Ra6 13. Nbd2 e6 14. a4 Be7 15. Ne5 Nxe5 16. Bxe5 O-O 17. Rfb1 Nd7 18. Bg3 b6 19. Bc7 Bd8 20. Bxd8 Rxd8
21. Nf3 f6 22. Rb5 Bb7 23. Bd1 Bc6 24. Rb4 Rda8 25. Ne1 b5 26. g4 bxa4 27. Nc2 a3 28. f3 Kf7 29. Rbb1 R6a7 30. Nb4 Bb7
31. Ra2 e5 32. Rba1 exd4 33. exd4 f5 34. Nc2 fxg4 35. fxg4 Nf6 36. Rxa3 Rxa3 37. Rxa3 Ne4 38. Rxa8 Bxa8 39. Bf3 Nxc3 40. Ne3 Nb5
41. Bxd5+ Bxd5 42. Nxd5 Nxd4 43. Nc3 Kf6 44. Kg2 Ke5 45. Kg3 Ne6 46. Nb5 Ke4 47. Nc3+ Kd3 48. Na2 c3 49. Kf3 c2 50. h4 Kd2
51. Ke4 Nc5+ 52. Kd4 Nd3 53. Kd5 Nb4+
0-1

[Event "Mighty Mauler"]
[Site "SchemingMind.com"]
[Date "2015.11.20"]
[Round "-"]
[White "flyinduck"]
[Black "Scooter"]
[Result "1-0"]
[WhiteCountry "CAN"]
[BlackCountry "USA"]
[WhiteElo "2016"]
[WhiteRD "66"]
[BlackElo "1717"]
[BlackRD "47"]
[GameID "390623"]

1. d4 Nf6 2. c4 g6 3. Nc3 Bg7 4. e4 d6 5. Be2 O-O 6. Bg5 Nbd7 7. Qd2 b6 8. h4 Bb7 9. f3 Re8 10. g4 c5
11. d5 Ba6 12. h5 Ne5 13. b3 Rb8 14. hxg6 fxg6 15. Nh3 Nf7 16. Be3 Bc8 17. O-O-O Ne5 18. Nf4 e6 19. dxe6 Bxe6 20. Qxd6 Qxd6
21. Rxd6 Kf7 22. Nb5 Rb7 23. Rd2 Bf8 24. Nd6+ Bxd6 25. Rxd6 Rd7 26. Rxd7+ Bxd7 27. g5 Nh5 28. Nxh5 gxh5 29. Rxh5 Kg6 30. Rh6+ Kg7
31. Rd6 Re6 32. Rxe6 Bxe6 33. Kd2 Bd7 34. f4 Ng4 35. f5 Nxe3 36. Kxe3
1-0

[Event "Mighty Mauler"]
[Site "SchemingMind.com"]
[Date "2015.11.19"]
[Round "-"]
[White "kenneth m day"]
[Black "flyinduck"]
[Result "0-1"]
[WhiteCountry "USA"]
[BlackCountry "CAN"]
[WhiteElo "1698"]
[WhiteRD "51"]
[BlackElo "2050"]
[BlackRD "53"]
[GameID "390624"]

1. e4 e5 2. f4 Bc5 3. Nf3 d6 4. Nc3 Nf6 5. d3 Ng4 6. d4 exd4 7. Nxd4 Qf6 8. Be2 h5 9. Bxg4 hxg4 10. Be3 Nc6
11. Nd5 Qd8 12. Qd2 g3 13. h3 Be6 14. O-O-O Bxd5 15. exd5 Ne7 16. c4 Qd7 17. Qe1 O-O-O 18. Qxg3 Qa4 19. Kb1 Qxc4 20. Rc1 Qd3+
21. Nc2 Nf5 22. Qe1 Nxe3 23. Qc3 Qxc3 24. bxc3 Nxc2 25. Rxc2 Rde8 26. c4 Re4 27. Rf1 Rh4 28. f5 f6 29. Rf3 Be3 30. Re2 Bh6
31. Rb2 Rxc4 32. Rfb3 Rc1#
0-1

[Event "Mighty Mauler"]
[Site "SchemingMind.com"]
[Date "2015.11.19"]
[Round "-"]
[White "flyinduck"]
[Black "kenneth m day"]
[Result "1/2-1/2"]
[WhiteCountry "CAN"]
[BlackCountry "USA"]
[WhiteElo "2016"]
[WhiteRD "66"]
[BlackElo "1713"]
[BlackRD "53"]
[GameID "390625"]

1. d4 d5 2. c4 Nc6 3. Nc3 Nf6 4. cxd5 Nxd5 5. Nf3 Bg4 6. e4 Nxc3 7. bxc3 e6 8. Be2 Be7 9. Rb1 Rb8 10. O-O O-O
11. Be3 b6 12. h3 Bxf3 13. Bxf3 Qd7 14. e5 f6 15. exf6 Bxf6 16. Qa4 Ne5 17. Qxd7 Nxd7 18. Bg4 Rbe8 19. d5 Nc5 20. Bxc5 bxc5
21. Bxe6+ Kh8 22. c4 Rb8 23. f4=
1/2-1/2

[Event "Mighty Mauler"]
[Site "SchemingMind.com"]
[Date "2015.11.21"]
[Round "-"]
[White "Simon Green"]
[Black "flyinduck"]
[Result "0-1"]
[WhiteCountry "ENG"]
[BlackCountry "CAN"]
[WhiteElo "1639"]
[WhiteRD "60"]
[BlackElo "2050"]
[BlackRD "53"]
[GameID "390626"]

1. d4 d5 2. e3 Nf6 3. Bd3 c5 4. c3 cxd4 5. cxd4 Nc6 6. f4 Bg4 7. Nf3 e6 8. O-O Bd6 9. Nbd2 O-O 10. Qe1 Rc8
11. Ne5 Bf5 12. Bxf5 exf5 13. Ndf3 Ne4 14. Nxc6 Rxc6 15. Bd2 Qb6 16. Bc3 Rfc8 17. Rc1 Nxc3 18. bxc3 Qa5 19. Rf2 f6 20. Rfc2 b6
21. Nh4 g6 22. Qd2 Ba3 23. Rb1 Rxc3 24. Rxc3 Qxc3 25. Qxc3 Rxc3 26. Rb3 Rxb3 27. axb3 a5 28. Nf3 Bc1 29. Kf2 b5 30. Ne1 a4
31. bxa4 bxa4 32. Nc2 a3 33. Nb4 Kf7 34. Ke2 g5 35. g3 h6 36. Kd3 Ke6 37. Na2 Bb2 38. Kc2 g4 39. Kb3 Kd6 40. Nb4 Ke6
41. Nc2 Bc1 42. Nxa3 Bxe3 43. Nc2 Bg1
0-1

[Event "Mighty Mauler"]
[Site "SchemingMind.com"]
[Date "2015.11.21"]
[Round "-"]
[White "flyinduck"]
[Black "Simon Green"]
[Result "1-0"]
[WhiteCountry "CAN"]
[BlackCountry "ENG"]
[WhiteElo "2016"]
[WhiteRD "66"]
[BlackElo "1590"]
[BlackRD "60"]
[GameID "390627"]

1. d4 e6 2. e4 d5 3. e5 c5 4. c3 c4 5. f4 Ne7 6. Nf3 Nbc6 7. g3 Bd7 8. Bg2 Qb6 9. O-O Nf5 10. g4 Nfe7
11. Qe1 g6 12. Nh4 Bg7 13. Nd2 a5 14. b3 Nxd4 15. Nxc4 dxc4 16. Be3 Nec6 17. cxd4 Nb4 18. bxc4 Qc7 19. Qe2 O-O 20. Rac1 Bc6
21. f5 Bxg2 22. Qxg2 Qc6 23. f6 Bh8 24. a3 Nd3 25. Rc3 Qxg2+ 26. Kxg2 Nb2 27. Rc2 Na4 28. Rb1 b6 29. c5 bxc5 30. dxc5 Rfc8
31. Rc4 Ra6 32. Rxa4 Rcc6 33. Rb8+
1-0

[Event "Mighty Mauler"]
[Site "SchemingMind.com"]
[Date "2015.11.19"]
[Round "-"]
[White "flyinduck"]
[Black "JAHI"]
[Result "1-0"]
[WhiteCountry "CAN"]
[BlackCountry "INT"]
[WhiteElo "2083"]
[WhiteRD "52"]
[BlackElo "2075"]
[BlackRD "54"]
[GameID "390630"]

1. d4 g6 2. e4 Bg7 3. Nc3 e6 4. Be3 Qh4 5. Nf3 Qe7 6. Bd3 a6 7. a4 b6 8. O-O h6 9. Re1 Bb7 10. d5 d6
11. dxe6 Qxe6 12. Nd4 Qc8 13. f4 Ne7 14. Bf2 Nd7 15. Nd5 Rg8 16. c3 g5 17. Nxe7 Kxe7 18. Nf5+ Kf8 19. Bd4 f6 20. Nxg7 Rxg7
21. Qh5 Qe8 22. Qxh6 Qf7 23. fxg5 Kg8 24. gxf6 Rg6 25. Qh3 Ne5 26. Bxe5 dxe5 27. Rf1 Rf8 28. Qf5 Rxf6 29. Qxf6 Qxf6 30. Rxf6 Rxf6
31. Rf1 Rd6 32. Rf3 a5 33. Kf2 Kg7 34. g4 Kg6 35. h4 c6 36. Kg3 c5 37. Re3 Bc6 38. b3 Be8 39. Bc4 Rd1 40. Rd3 Rxd3+
41. Bxd3 Bc6 42. g5 Kh7 43. h5 Be8 44. Be2 Bc6 45. Kf3 Be8 46. Ke3 Bd7 47. Bd1 Be6 48. c4 Bd7 49. Kf2 Bc6 50. Bf3 Bd7
51. Kg3 Bc6 52. Kh4 Bb7 53. g6+ Kh6 54. g7
1-0

[Event "Mighty Mauler"]
[Site "SchemingMind.com"]
[Date "2015.11.20"]
[Round "-"]
[White "JAHI"]
[Black "flyinduck"]
[Result "0-1"]
[WhiteCountry "INT"]
[BlackCountry "CAN"]
[WhiteElo "2075"]
[WhiteRD "54"]
[BlackElo "2083"]
[BlackRD "52"]
[GameID "390631"]

1. g3 Nf6 2. Bg2 d5 3. h3 e5 4. e3 Bd6 5. Qe2 O-O 6. a3 c5 7. b3 Nc6 8. Bb2 Re8 9. Qf1 Bf5 10. Kd1 d4
11. g4 Bg6 12. h4 Nxg4 13. h5 Bf5 14. e4 Be6 15. f3 Nh6 16. d3 b5 17. Nd2 Na5 18. Nh3 c4 19. bxc4 bxc4 20. dxc4 Rc8
21. Rg1 Nxc4 22. Nxc4 Bxc4 23. Qe1 Qb6 24. Bc1 Bc5 25. Bf1 d3 26. Bxd3 Bxg1 27. Qxg1 Qxg1+ 28. Nxg1 f6 29. Bxh6 gxh6 30. Ne2 Bxd3
31. cxd3 Kf7 32. Rc1 Rxc1+ 33. Kxc1 Rg8 34. f4 Rg4 35. Kd2 exf4 36. d4 f3 37. Nc3 Rg2+ 38. Ke3 Rc2 39. Nd1 Ra2 40. Kxf3 Rxa3+
41. Ne3 a5 42. Ke2 a4 43. Nc2 Rh3 44. Kd2 a3 45. Nb4 a2 46. Nxa2 Rh2+ 47. Ke3 Rxa2 48. Kf3 Ke6 49. Kf4 Rf2+ 50. Kg3 Rd2
51. Kf3 Rxd4 52. Kf4 Ra4 53. Kf3 Ke5 54. Ke3 Rxe4+ 55. Kf3 Kd4 56. Kf2 Re3
0-1